Nōson /
Saved in:
| 主要作者: | |
|---|---|
| 格式: | 图书 |
| 语言: | Japanese |
| 出版: |
[Tōkyō] :
Yūhikaku,
[Shōwa 29 i.e. 1954], Shōwa 37 [1962] printng.
|
| 丛编: | Raiburarī shirīzu ;
4. |
| 主题: | |
| 标签: |
添加标签
没有标签, 成为第一个标记此记录!
|
| LEADER | 01354nam a2200361ui 4500 | ||
|---|---|---|---|
| 001 | 007740104-2 | ||
| 005 | 20024617121422.0 | ||
| 008 | 900627s1954 ja a 000 0 jpn d | ||
| 010 | |z 73817360 /J | ||
| 035 | 0 | |a ocm33604725 | |
| 040 | |a *LWU* |b jpn |c *LWU* |d NIC |d *YNH* |d CStRLIN | ||
| 100 | 1 | |6 880-01 |a Fukutake, Tadashi, |d 1917-1989. | |
| 245 | 1 | 0 | |6 880-02 |a Nōson / |c Fukutake Tadashi hen. |
| 260 | |6 880-03 |a [Tōkyō] : |b Yūhikaku, |c [Shōwa 29 i.e. 1954], Shōwa 37 [1962] printng. | ||
| 300 | |a 3, 8, 237, 8 p. : |b ill. ; |c 18 cm. | ||
| 490 | 1 | |6 880-04 |a Raiburarī shirīzu ; |v 4 | |
| 500 | |6 880-05 |a Shippitsu: Ōuchi Chikara hoka. | ||
| 653 | |6 880-06 |a Nōson |a Nihon. | ||
| 653 | |6 880-07 |a Nihon |a Nōgyō. | ||
| 650 | 0 | |a Agriculture |x Economic aspects |z Japan. | |
| 651 | 0 | |a Japan |x Rural conditions. | |
| 880 | 1 | |6 100-01 |a 福武直, |d 1917- | |
| 880 | 1 | 0 | |6 245-02 |a 農村 / |c 福武直編. |
| 880 | |6 260-03 |a [東京] : |b 有斐閣, |c [昭和29 i.e. 1954], 昭和37 [1962] printng. | ||
| 880 | 1 | |6 490-04 |a らいぶらりい・しりいず ; |v 4 | |
| 880 | |6 500-05 |a 執筆: 大內力ほか. | ||
| 880 | |6 653-06 |a 農村 |a 日本. | ||
| 880 | |6 653-07 |a 日本 |a 農業. | ||
| 830 | 0 | |6 880-54 |a Raiburarī shirīzu ; |v 4. | |
| 880 | 0 | |6 830-54 |a らいぶらりい・しりいず ; |v 4. | |
| 886 | 2 | |2 jpnmarc |a 677 |b 611.9 | |
| 988 | |a 20021219 | ||
| 906 | |0 OCLC | ||


